00939nam a2200289 u 450000100070000000500170000700800410002403500110006504000130007604100080008908000060009710000380010324500800014126000230022130000120024465000120025665000250026865000170029365000580031065000290036865000370039765000430043465000430047765000390052070000420055970000480060139152520260506082943.0990503s1999 ||||||m| spa  a391525 ccomduadb aspa aW10aPalacios Murillo, Nezly4auteaut10aIndicadores de calidad para instituciones prestadoras de servicios de salud aMedellín,c1999. aca111p. aCalidad 7aCalidad total2embne aEvaluación aIPS (Instituciones Prestadoras de Servicios de Salud) 7aServicios de salud2lemb 7aIndicadores de gestión2armarc 7aCalidad de la atención de salud2dcs 7aCalidad de la atención de salud2dcs 7aAdministración hospitalaria2dcs10aChaverra Casas, Maria Elena4auteaut10aGutiérrez Mejía, Luis Alberto4auteaut